|
|
|
|
| LEADER |
00000nam a2200000 a 4500 |
| 001 |
vtls011752814 |
| 003 |
SK-MaSNL |
| 005 |
20260301183117.0 |
| 008 |
251112s1665 gw 001 0 lat |
| 015 |
|
|
|a SNBHFA1665
|
| 035 |
|
|
|a 84ADAA60-E3E2-4E2E-BF6A-4DDB46B13D89
|
| 035 |
|
|
|a urn:nbn:sk:snk-am3ic74
|
| 035 |
|
|
|a urn:nbn:sk:snk-am00e2nq
|
| 040 |
|
|
|a SNKHF
|b slo
|c SNK
|e AACR2
|
| 041 |
0 |
|
|a lat
|
| 044 |
|
|
|a gw
|c DE
|
| 072 |
|
7 |
|a 2
|x Náboženstvo
|2 konspekt
|
| 080 |
|
|
|a 21/29-1/-9
|2 2011
|
| 080 |
|
|
|a 2-1
|2 2011
|
| 080 |
|
|
|a 274/279-1
|2 2011
|
| 100 |
1 |
|
|a Osiander, Johann Adam,
|d 1622-1697
|4 aut
|9 352314
|
| 245 |
1 |
0 |
|a Primitiae Evangelicae, Sive, Dispositiones In Evangelia Dominicalia Et Festivalia
|c Exhibite a johanne Adamo Osiandro, Theol. D. & P. P.
|
| 246 |
3 |
0 |
|a Dispositiones In Evangelia Dominicalia Et Festivalia
|
| 260 |
|
|
|a Tubingae
|b Impensis Johann-Georgii Cottae
|c Anno M. DC. LXV. [=1665]
|f Typis Johann-Henrici Reisi
|
| 300 |
|
|
|a [2], 330, [8] strán
|c 20 cm
|
| 500 |
|
|
|a Signet, typografické linky, ornamentálne iniciálky na 4-7 riadkov, inciálky bez pozadia na 2 riadky, kustódy
|
| 501 |
|
|
|a Príväzok 1.: OSIANDER, Johann Adam. Dispositionum Evangelicarum. Fasciculus secundus. Tubingae: Impensis Johann-Georgii Cottae, Anno M. DC. LXVI. [=1666].
|5 SNK ID 100192/1-5/prív.1
|5 SNK ID 100192/1-4/prív.1
|
| 501 |
|
|
|a Príväzok 2.: OSIANDER, Johann Adam. Dispositionum Evangelicarum. Fasciculus tertius. Tubingae: Impensis Johann-Georgii Cottae, Anno M DC LXIX. [=1669].
|5 SNK ID 100192/1-5, prív.2
|5 SNK ID 100192/1-4/prív.2
|
| 501 |
|
|
|a Príväzok 3.: OSIANDER, Johann Adam. Dispositionum Evangelicarum. Fasciculus quartus. Tubingae: Impensis Johann-Georgii Cottae, Anno M DC LXX. [=1670].
|5 SNK ID 100192/1-5, prív.3
|5 SNK ID 100192/1-4/prív.3
|
| 501 |
|
|
|a Príväzok 4.: OSIANDER, Johann Adam. Dispositionum Evangelicarum. Fasciculus quintus. Tubingae: Impensis Johann-Georgii Cottae, Anno M DC LXXI. [=1671].
|5 SNK ID 100192/1-5/prív.4
|
| 504 |
|
|
|a Register
|
| 546 |
|
|
|a Latinčina
|b Antikva
|b Kurzíva
|
| 561 |
|
|
|a Z knižnice Učenej spoločnosti malohontskej.
|5 SNK ID 100192/1-5 ; ID 100192/1-4 D1
|
| 561 |
|
|
|a Rukopisný posessorský záznam na titulnom liste: Hos [...] Zaborszky [...] Ao 1720.
|5 SNK ID 100192/1-5
|
| 561 |
|
|
|a Rukopisný provenienčný záznamna titulnom liste: Georg Ruhmann comp. 10. gvuo
|5 SNK ID 100192/1-4 D1
|
| 563 |
|
|
|a Väzba pôvodná kožená so zlátením na chrbte knihy.
|5 SNK 100192/1-4 D1
|
| 650 |
0 |
7 |
|a teológia
|2 SNKPH
|9 1814
|
| 650 |
0 |
7 |
|a evanjelická teológia
|2 SNKPH
|9 4016
|
| 700 |
1 |
|
|a Záborský
|4 fmo
|9 385870
|
| 710 |
2 |
|
|a Učená spoločnosť malohontská
|4 fmo
|9 205374
|
| 710 |
0 |
|
|a Cotta, Johann Georg (Tübingen, Nemecko)
|4 pbl
|9 352316
|
| 710 |
0 |
|
|a Reis, Johann Heinrich (Tübingen, Nemecko),
|d ca 1650-1685
|4 prt
|9 352317
|
| 752 |
|
|
|a Nemecko
|d Tübingen
|
| 852 |
|
|
|a snk
|b Historické fondy
|p ID 100192/1-5 ; ID 100192/1-4 D1
|
| 958 |
|
|
|a ONDV
|
| 999 |
|
|
|c 855892
|d 857822
|
| 952 |
|
|
|t MHC II.B.g.363
|a SNK
|b SNK
|c SNK_HF
|y PREZ
|7 0
|p 17A1301673
|o snkID 100192/1-4 D1
|i snk2018/20043
|8 5
|0 0
|1 0
|4 0
|d 2018-10-04
|l 0
|r 2026-02-24 04:56:05
|w 2026-02-24
|
| 952 |
|
|
|t MHC II.B.g.31
|a SNK
|b SNK
|c SNK_HF
|y PREZ
|7 0
|p 17A1300533
|o snkID 100192/1-5
|i snk2018/9242
|8 5
|0 0
|1 0
|4 0
|d 2018-04-24
|f 1
|l 0
|r 2026-02-24 04:56:05
|w 2026-02-24
|